000 00555nam a2200217Ia 4500
003 OSt
005 20230509135909.0
008 210423s2014 xx 000 0 und d
040 _cAL
041 _aeng
082 _a821.914 KUMT
100 _aKUMAR (J)
_9100905
245 _aTed Hughes: selected poems
260 _aAgra
_bLakshmi Narain Agarwal
_c2014
300 _a100p
_bPB
365 _b60
_cINR
650 _aEnglish Literature
_9100906
650 _aEnglish Poetry
_9100907
906 _aHughes: ; poems ; selected ; Ted
942 _2ddc
_cBK
999 _c165654
_d165654